Les résultats du Psg en ldc en 2019-2020 - Statistiques

Statistiques générales
  • Ce quiz a été pris 231 fois
  • Le résultat moyen est 9 sur 11
Statistiques - réponses
Hint Réponse % Correct
Psg - Bayern 0-1
94%
Psg - Real Madrid 3-0
93%
Atalanta - Psg 1-2
92%
RB Leipzig - Psg 0-3
90%
Psg - Dortmund 2-0
90%
Dortmund - Psg 2-1
89%
Real Madrid - Psg 2-2
85%
Club Bruges - Psg 0-5
80%
Galatasaray - Psg 0-1
79%
Psg - Club Bruges 1-0
76%
Psg - Galatasaray 5-0
73%
Aucun quiz correspondant
Distribution des résultats
% des personnes avec chaque résultat
Percentile par nombre de réponses
Votre historique - résultats
Vous n’avez pas pris ce quiz